000 00510nam a2200193Ia 4500
008 240729s9999 xx 000 0 und d
022 _a2674-113X
245 0 _aSoftware
260 _aSwitzerland
260 _bMDPI AG
650 _a Computer software
650 _a Electronic computers. Computer science
650 _a Instruments and machines
650 _a Mathematics
650 _aScience
856 _uhttps://doaj.org/toc/a2b7e713a8314df7a82d70dd9376e603
942 _2ddc
942 _cDOAJEJ
999 _c68431
_d68431
945 _a1
_bMadushi Gamage
_c1
_dMadushi Gamage